01690nam a2200229 a 450000100100000000500170001000800410002702000180006824500940008626000770018030000270025750504620028450000730074671001050081971000500092495201200097495201200109495201110121495201050132599900170143004000130144700002926920250607073643.0110414s2008 dr a 000 0 spa d a978999348184300aPlan para la década de recursos humanos en salud 2006-2015 :bRepública Dominicana /. aSanto Domingo :bSESPASbOrganización Panamericana de la Salud,c2008. a44 p. :bil. ;c26 cm.2 aPresentación -- Contexto internacional -- El contexto nacional del plan para la década de recursos humanos en salud-- Antecedentes -- Otras acciones previas al plan para la década de recursos humanos en salud -- Elaboración del plan para la década de recursos humanos en salud -- Matriz del plan para la década de los recursos humanos en salud, 2006-2015 -- Matriz del plan para la década de los recursos humanos en salud, 2006-2015 -- Anexos. aIncluye referencias bibliográficas y notas al pie de las páginas1 aRepública Dominicana. b Secretaria de Estado de Salud Pública y Asistencia Social (2001)9565491 aOrganización Panamericana de la Salud91055 001054708DSaGRbGRcCTd2011-04-14iLF1l0o p29269-30r2020-06-25te. 3w2020-06-25yLFDSZPréstamo en sala 001054708DSaGRbGRcCTd2011-04-14iLF1l0o p29269-40r2020-06-25te. 4w2020-06-25yLFDSZPréstamo en sala 0010718PDaPDbPDcCTd2011-04-14iLF1l0o p29269-10r2020-06-25te. 2w2020-06-25yLFPDZNo se presta 0010718PDaPDbPDcCTd2011-04-14iLF1l0o p29269-20r2020-06-25w2020-06-25yLFPDZNo se presta c28761d28761 aDO-SdBNP